header

Philosophies of nature after Schelling (Record no. 130496)

MARC details
000 -LEADER
fixed length control field 01328nam a2200349Ia 4500
082 04 - DEWEY DECIMAL CLASSIFICATION NUMBER
Classification number 113.09/034
100 1# - MAIN ENTRY--AUTHOR NAME
Personal name Grant, Iain Hamilton.
245 10 - TITLE STATEMENT
Title Philosophies of nature after Schelling
260 ## - PUBLICATION, DISTRIBUTION, ETC. (IMPRINT)
Place of publication London :
Name of publisher Continuum,
Year of publication 2008.
300 ## - PHYSICAL DESCRIPTION
Number of Pages xiii, 232 p.
490 1# - SERIES STATEMENT
Series statement Transversals : new directions in philosophy
500 ## - GENERAL NOTE
General note Originally published: 2006.
650 #0 - SUBJECT ADDED ENTRY--TOPICAL TERM
Topical Term Philosophy of nature
856 40 - ELECTRONIC LOCATION AND ACCESS
Uniform Resource Identifier http://site.ebrary.com/lib/rucke/Doc?id=10495249

No items available.

© 2026 Rongo University
Contact us: librarian | system librarian | Rongo university